| 000 | 01591cam a2200469 4500 | ||
|---|---|---|---|
| 001 | 19997 | ||
| 003 | SK-KTurca | ||
| 005 | 20251219185218.0 | ||
| 008 | 210701s2019 xo er 010 f slo | ||
| 015 | _aSNBA2020/09 | ||
| 020 |
_a9788022210232 _q(viazané) |
||
| 035 | _aurn:nbn:sk:snk-am00fg3a | ||
| 035 | _aurn:nbn:sk:snk-am3isfq | ||
| 035 | _a396B89D3-04FA-41A0-8405-14DFE0C9BBF9 | ||
| 040 |
_aZKSE _bslo _cZKSE _dSNK _erda |
||
| 041 | 1 |
_aslo _heng |
|
| 044 |
_axo _cSK |
||
| 072 | 7 |
_a821.111(73)-3 _xAmerická próza _2konspekt |
|
| 080 |
_a821.111(73)-31 _22011 |
||
| 080 |
_a(0:82-312.4) _22011 |
||
| 080 |
_a(0:82-312.5) _22011 |
||
| 100 | 1 |
_aOwens, Delia, _d1949- _4aut |
|
| 240 | 1 | 0 |
_aWhere the crawdads sing _lSlovensky |
| 245 | 1 | 0 |
_aKde raky spievajú _cDelia Owensová ; z anglického originálu Where the crawdads sing ... preložila Marianna Bachledová |
| 250 | _aVydanie I. | ||
| 264 | 1 |
_aBratislava _bTatran _c2019 |
|
| 300 |
_a297 strán _c24 cm |
||
| 336 |
_atext _btxt _2rdacontent |
||
| 337 |
_abez média _bn _2rdamedia |
||
| 338 |
_azväzok _bnc _2rdacarrier |
||
| 490 | 1 |
_aLUK - Knižnica svetových bestsellerov _v164. zväzok |
|
| 655 | 7 |
_aamerické romány _2SNKPH |
|
| 655 | 7 |
_aAmerican novels _2SNKPHeng |
|
| 655 | 7 |
_aDetective novels _2SNKPHeng |
|
| 655 | 7 |
_adetektívne romány _2SNKPH |
|
| 655 | 7 |
_aľúbostné romány _2SNKPH |
|
| 655 | 7 |
_aLove novels _2SNKPHeng |
|
| 700 | 1 |
_aBachledová, Marianna, _d1989- _4trl |
|
| 700 | 1 |
_aVinczeová, Barbora, _d1992- _4trl |
|
| 830 | 0 | _aLUK - Knižnica svetových bestsellerov | |
| 942 |
_2ddc _cKLDO _n0 |
||
| 999 |
_c19997 _d19997 |
||